LEADER 00905nas a2200217 i 4500 001 000000144219 003 CaOOAMICUS 005 20051121000000.0 008 051103b2003 it uu u0 0ita r 013 $a119577 040 $aSeMil$bita 245 10$aNonviolenza e politica :$bpensare la prassi verso nuove riflessioni teoriche. 260 $aMilano :$bCentro Sociale Ambrosiano,$c2003. 300 $a90 p. ;$c21 cm. 773 0 $tOrientamenti.$dMilano : Centro Sociale Ambrosiano, 1978-2006.$w()2569 774 0 $t[vedi periodico].$w()262884 850 $aSeMil 852 $aSeMil$W1$xVenegono$y1$m235 3 105$j97167$B97167$CSeMilBibl$Z2$F105960 $85 961 $aCambio: Scuola Cattolica 996 $6245$aNonviolenza e politica :$bpensare la prassi verso nuove riflessioni teoriche$9(OLS)http://semarc/title/210943 996 $6260$aMilano :$bCentro Sociale Ambrosiano$9(OLS)http://semarc/publisher/30800 LEADER 01390nam a2200313 i 4500 001 000000174062 003 CaOOAMICUS 005 20081001000000.0 008 081001s1985 it u000 u ita u 013 $a151520 020 $a88-311-4802-8 040 $aSeMil$bita 100 1 $aTeresa Margherita : del Cuore di Gesu .$0(OLS)http://semarc/name/65005 245 10$aTesti spirituali /$cTeresa Margherita Redi ; a cura del Carmelo di Arezzo. 260 $aRoma :$bOCD,$c1985. 260 $aRoma :$bCittà Nuova,$c1985. 300 $a139 p. ;$c19 cm. 490 0 $aTesti di spiritualità carmelitana ;$v10 500 $aContiene : Nota bibliografica ; Profilo biografico. 650 4$aTeresa Margherita : del S. Cuore di Gesù - Spiritualità.$0(OLS)http://semarc/subject/33179 700 1 $aCarmelitane Scalze .$0(OLS)http://semarc/name/65006 830 0$aTesti di spiritualità carmelitana ;$v10.$0(OLS)http://semarc/title/21381 850 $aSeMil 852 $aSeMil$W1$xVenegono$y1$m2C I 550$j124907$B124907$CSeMilBibl$Z2$F136556 $81 961 $aOmaggio: Altro 996 $6020$a88-311-4802-8$9(OLS)http://semarc/number/161886 996 $6245$aTesti spirituali$9(OLS)http://semarc/title/7229 996 $6260$aRoma :$bCittà Nuova$9(OLS)http://semarc/publisher/29609 996 $6260$aRoma :$bOCD$9(OLS)http://semarc/publisher/32103 LEADER 01106nam a2200253 i 4500 001 000000188217 003 CaOOAMICUS 005 20100406000000.0 008 100406s1979 it u000 u ita u 013 $a166382 020 $a88-01-15695-2 040 $aSeMil$bita 110 2 $aSanta Sede : Congregazione per l'Educazione Cattolica (dei Seminari e degli Istituti di Studi).$0(OLS)http://semarc/name/15276 245 13$aLa Scuola Cattolica /$cSacra Congregazione per l'Educazione Cattolica. 260 $aTorino-Leumann :$bElle Di Ci,$c1979. 300 $a40 p. ;$c19 cm. 490 0 $aServizio dell'unità ;$vN.12 650 4$aScuola cattolica - Educazione.$0(OLS)http://semarc/subject/17731 830 0$aServizio dell'unità ;$vN.12.$0(OLS)http://semarc/title/20513 850 $aSeMil 852 $aSeMil$W1$xVenegono$y1$m1374 6 12 *$j138881$B138881$CSeMilBibl$Z2$F150460 $81 996 $6020$a88-01-15695-2$9(OLS)http://semarc/number/178732 996 $6245$aLa Scuola Cattolica$9(OLS)http://semarc/title/270822 996 $6260$aTorino-Leumann :$bElle Di Ci$9(OLS)http://semarc/publisher/30113 LEADER 00809nam a2200229 i 4500 001 000000075449 003 CaOOAMICUS 005 20071121000000.0 008 071121s1981 it u000 u ita u 013 $a46621 040 $aSeMil$bita 100 1 $aD'Eramo, Luce,$d<1925-2001>.$0(OLS)http://semarc/name/37241 245 10$aNucleo zero /$cLuce D'Eramo. 260 $aMilano :$bArnoldo Mondadori Editore,$c1981. 300 $a311 p. ;$c23 cm. 490 0 $aOmnibus 830 0$aOmnibus.$0(OLS)http://semarc/title/6831 850 $aSeMil 852 $aSeMil$W1$xVenegono$y1$m1B V 3$j240967$B41601$CSeMilBibl$Z2$F41605 $81 961 $aOmaggio: Donazione 996 $6245$aNucleo zero$9(OLS)http://semarc/title/122367 996 $6260$aMilano :$bArnoldo Mondadori Editore$9(OLS)http://semarc/publisher/30056 LEADER 01357nam a2200289 i 4500 001 000000119738 003 CaOOAMICUS 005 20031104000000.0 008 031104s1986 it u000 u ita u 013 $a92432 020 $a88-215-1045-X 040 $aSeMil$bita 100 1 $aFerraro, Giuseppe,$c.$0(OLS)http://semarc/name/89726 245 10$aRavviva il dono :$bcatechesi liturgica sul sacerdozio ministeriale /$cGiuseppe Ferraro. 260 $aCinisello Balsamo :$bEdizioni Paoline,$ccopyr. 1986. 300 $a153 p. ;$c21 cm. 500 $aContiene : Bibliografia. - Fondo Card. C.M. Martini. 650 4$aSacerdozio - Ordinazione - Liturgia - Catechesi.$0(OLS)http://semarc/subject/22445 650 4$aVescovi - Ordinazione - Liturgia - Catechesi.$0(OLS)http://semarc/subject/22446 650 4$aDiaconi - Ordinazione - Liturgia - Catechesi.$0(OLS)http://semarc/subject/22447 850 $aSeMil 852 $aSeMil$W1$xVenegono$y1$m3K II 68$j74945$B74945$CSeMilBibl$Z2$F97830 $81 941 1 $a4 961 $aOmaggio: Martini Card. Carlo Maria 996 $6020$a88-215-1045-X$9(OLS)http://semarc/number/104727 996 $6245$aRavviva il dono :$bcatechesi liturgica sul sacerdozio ministeriale$9(OLS)http://semarc/title/176056 996 $6260$aCinisello Balsamo :$bEdizioni Paoline$9(OLS)http://semarc/publisher/36103 LEADER 00878nam a2200217 i 4500 001 000000124091 003 CaOOAMICUS 005 20040311000000.0 008 040311s2001 it u000 u ita u 013 $a96788 040 $aSeMil$bita 100 1 $aBanca Popolare di Novara .$0(OLS)http://semarc/name/5405 245 10$aAsia, Africa, America, Oceania. 300 $a575 p. :$briccamente ill. 500 $aIn cofanetto. - Esemplare n. 16227. - Fondo Card. C.M. Martini. 773 0 $aBanca Popolare di Novara $tPatrimonio dell'umanità.$dNovara : Istituto Geografico De Agostini, copyr. 2000.$gVolume2$w()11177 850 $aSeMil 852 $aSeMil$W1$xVenegono$y1$m5I IX 88$j78709$B78709$CSeMilBibl$Z2$F80871 $8I 941 1 $a4 961 $aOmaggio: Martini Card. Carlo Maria 996 $6245$aAsia, Africa, America, Oceania$9(OLS)http://semarc/title/182552